期刊信息 |
| 索取号 |
G80/XATY
|
| 题名 |
西安体育学院学报
|
| 作者 |
西安体育学院学报编辑部
|
| 分册号 |
|
| 分册名 |
|
| 出版地 |
西安
|
| 出版者 |
西安体育学院学报编辑部
|
| 标准刊号 |
1001-747X
|
| 出版频率 |
季刊
|
| 中图法分类 |
G80
|
| 主题词 |
体育理论
|
| 电子资源 | |
| |
|
| 000 | 00630nas0 2200205 45 | |
| 001 | 0733068719 | |
| 005 | 2007090409110873 | |
| 011 | @a1001-747X@d¥20.00 | |
| 091 | @aCN61-5048 | |
| 100 | @a20070904d km y0chiy0120 ea | |
| 101 | 0 | @achi |
| 110 | @aahaz 0xx0 | |
| 200 | 1 | @a西安体育学院学报@AXi An Ti Yu Xue Yuan Xue Bao@f西安体育学院学报编辑部@FXi An Ti Yu Xue Yuan Xue Bao Bian Ji Bu |
| 210 | @a西安@c西安体育学院学报编辑部 | |
| 326 | @a季刊 | |
| 606 | 0 | @a体育理论 |
| 690 | @aG80@v4 | |
| 711 | 02 | @a西安体育学院学报编辑部@AXi An Ti Yu Xue Yuan Xue Bao Bian Ji Bu |
| 801 | 0 | @aCN@bPFT@c20070904 |
| 905 | @a213230@dG80@eXATY | |
| 西安体育学院学报/西安体育学院学报编辑部.-西安:西安体育学院学报编辑部 |
| ISSN 1001-747X:¥20.00 |
| ● |
| 相关链接: |
|
|
|
|